000 00325nam a2200133Ia 4500
008 191206s9999 xx 000 0 und d
020 _a797431241
090 _aMLCS200600153
245 0 _a"Whose daughter, my child?"
260 _aAmerdon Media
260 _cc[2006]
300 _a87 p. ; 21 cm.
999 _c17290
_d17290